期刊信息 |
| 索取号 |
D75/OZHYJ
|
| 题名 |
欧洲研究
|
| 作者 |
欧洲研究编辑部
|
| 分册号 |
|
| 分册名 |
|
| 出版地 |
北京
|
| 出版者 |
欧洲研究编辑部
|
| 标准刊号 |
1004-9789
|
| 出版频率 |
双月刊
|
| 中图法分类 |
D75
|
| 主题词 |
政治
|
| 电子资源 | |
| |
|
| 000 | 00570nas0 2200205 45 | |
| 001 | 0552754062 | |
| 005 | 2005112914391406 | |
| 011 | @a1004-9789@dCNY30.00(2016) | |
| 091 | @aCN11-4899/C | |
| 092 | @b82-165 | |
| 100 | @a20051129d km y0chiy0120 ea | |
| 101 | 0 | @achi |
| 200 | 1 | @a欧洲研究@AOu Zhou Yan Jiu@f欧洲研究编辑部@FOu Zhou Yan Jiu Bian Ji Bu |
| 210 | @a北京@c欧洲研究编辑部 | |
| 326 | @a双月刊 | |
| 606 | 0 | @a政治 |
| 690 | @aD75@v4 | |
| 711 | 0 | @a欧洲研究编辑部@AOu Zhou Yan Jiu Bian Ji Bu |
| 801 | 0 | @aCN@bPFT@c20051129 |
| 905 | @aTSSFXY@dD75@eOZHYJ@y2016~ | |
| 欧洲研究/欧洲研究编辑部.-北京:欧洲研究编辑部 |
| ISSN 1004-9789:CNY30.00(2016) |
| ● |
| 相关链接: |
|
|
|
|